| 000 | 00512nam a2200181 a 4500 | ||
|---|---|---|---|
| 001 | 37144 | ||
| 005 | 20180714005954.0 | ||
| 008 | 140415s1996 000 0 spa d | ||
| 020 | _a9586005054 | ||
| 041 | _aspa | ||
| 082 |
_a005.73 _bVIL |
||
| 100 | 1 | _aVILLALOBOS S., JORGE A. | |
| 245 | 1 | 0 | _aDISEÑO Y MANEJO DE ESTRUCTURAS DE DATOS EN C |
| 260 |
_a[s.l.] : _bMCGRAW-HILL INTERAMERICANA, _c1996 |
||
| 300 | _a392 | ||
| 500 | _a1 DISQUETE | ||
| 650 | 1 | 4 | _aESTRUCTURAS DE DATOS (COMPUTADORES) |
| 999 |
_c37144 _d37144 |
||